The Other Woman--Lana Del Rey Lyrics - Statistics

General Stats
  • This quiz has been taken 235 times
  • The average score is 102 of 141
Answer Stats
% Correct
The
100%
the
100%
He
99%
her
99%
other
99%
to
99%
woman
99%
a
98%
has
90%
time
88%
man
87%
nails
87%
in
86%
And
85%
never
85%
is
83%
manicure
82%
keep
81%
will
77%
hair
75%
love
73%
always
72%
when
72%
with
72%
have
70%
by
69%
flowers
69%
old
69%
where
69%
anywhere
68%
be
68%
sleep
67%
cry
66%
herself
66%
comes
65%
fresh
65%
perfect
65%
she's
65%
from
64%
toys
64%
like
63%
there
63%
perfume
62%
his
61%
queen
61%
room
61%
side
61%
Cause
60%
life
60%
routine
60%
seen
60%
waiting
60%
are
59%
French
59%
such
59%
alone
58%
Alone
58%
change
58%
fails
58%
cut
57%
each
57%
finds
57%
It's
57%
lonesome
57%
Oh
57%
oh
57%
call
56%
everywhere
56%
curls
55%
go
54%
keeps
54%
pin
54%
rival
53%
clothes
50%
spend
50%
enchants
48%
as
47%
years
47%
scattered
46%
Ah
44%
ah
44%
that's
42%
do
17%
Baby
8%
No matching quizzes found
Score Distribution
Percent of People with Each Score
Percentile by Number Answered
Your Score History
You have not taken this quiz